Drapeaux pays européens aléatoire - Statistiques

Statistiques générales
  • Ce quiz a été pris 301 fois
  • Le résultat moyen est 42 sur 47
Statistiques - réponses
Par images Réponse % Correct
France
98%
Royaume-Uni
98%
Suisse
98%
Allemagne
97%
Belgique
97%
Irlande
97%
Italie
97%
Portugal
97%
Suède
97%
Espagne
96%
Ukraine
96%
Grèce
95%
Pologne
95%
Turquie
95%
Chypre
94%
Albanie
93%
Russie
93%
Norvège
92%
Finlande
91%
Pays-Bas
91%
Roumanie
91%
Croatie
90%
Monaco
89%
Luxembourg
88%
Autriche
87%
Bulgarie
87%
Cité du Vatican
87%
Danemark
87%
Islande
87%
République Tchèque
86%
Estonie
85%
Macédoine du Nord
85%
Malte
85%
Saint-Marin
85%
Serbie
85%
Kosovo
84%
Slovaquie
84%
Slovénie
82%
Biélorussie
81%
Hongrie
81%
Lettonie
80%
Monténégro
79%
Andorre
78%
Lituanie
77%
Liechtenstein
75%
Moldavie
74%
Bosnie-Herzégovine
73%
Aucun quiz correspondant
Distribution des résultats
% des personnes avec chaque résultat
Percentile par nombre de réponses
Votre historique - résultats
Vous n’avez pas pris ce quiz